01154nam a2200193Ia 4500001001100000003001000011008004100021040002500062041001300087100004200100245002300142250001100165260008700176300002800263500026200291501011400553520026200667650003100929L239-11086IT-CnALBA170116s9999||||xx |||||||||||||| ||und|| aIT-CnALBAcIT-CnALBA aITALIANO aBONOMELLI GEREMIA, VESCOVO DI CREMONA 0aFOGLIE AUTUNNALI.  a1a ed. aMILANObCOGLIATI FELICE L. EDITORE c1911 [1° Ed.:1911 - Ed.Ling.Originale: 1911] a463 p. (prefazione: 13) aPOTERE E LIBERTÀ. ORIGINE DIVINA DEL POTERE. CIVILE E RELIGIOSO. SENTIMENTALISMO. FORMALISMO. PIANO SALVIFICO UNIVERSALE. ERETICI. SCISMATICI. MORTI FUORI DELLA CHIESA. CATTOLICI PRIVI DI FEDE. CULTO RELIGIOSO. ABUSIVISMO. SCIOPERO. QUESTIONE SOCIALE. CRI aSocietà San Paolo EM - Piazza San Paolo, 14 - 12051 ALBA (CN) (non commercial uses only) ® Copyright 2017 aPOTERE E LIBERTÀ. ORIGINE DIVINA DEL POTERE. CIVILE E RELIGIOSO. SENTIMENTALISMO. FORMALISMO. PIANO SALVIFICO UNIVERSALE. ERETICI. SCISMATICI. MORTI FUORI DELLA CHIESA. CATTOLICI PRIVI DI FEDE. CULTO RELIGIOSO. ABUSIVISMO. SCIOPERO. QUESTIONE SOCIALE. CRI aAPOLOGETICA E CONTROVERSIE